Odd But True Facts XV Quiz Stats

Quiz Updated Sep 7, 2017

Challenge
Share
Tweet
Embed
Score 0/23 Timer 06:00
13 Plays Today
% Correct
007
92.6%
30 days notice to the accused
92%
at the rear
89.7%
typing Internet passwords
89.1%
a male hippo
89%
on Justin Timberlake
88.8%
Vlad the Impaler
88.6%
on your birthday
88.5%
Hitler's home phone number
88.3%
gunpowder
87.3%
the first public exhibition of Cubism
86.7%
Destiny
86.6%
% Correct
over 90 mph
86.6%
left-handed lemon
86%
prohibition of alcohol only ending in the late 1980s
84.9%
a vegetarian snake
84.5%
a noise like two balloons rubbing against each other
83.7%
Heroin and Aspirin
82.5%
naughty names
79.8%
to David Bowie's 'Fame'
74.1%
malaria
72.2%
terrorists and spies
67.3%
Wear The Fox Hat
56.7%

You're not logged in!

Compare scores with friends on all Sporcle quizzes.
Sign Up with Email
OR
Log In

You Might Also Like...

Show Comments

Extras

Top Quizzes Today


Score Distribution

Your Account Isn't Verified!

In order to create a playlist on Sporcle, you need to verify the email address you used during registration. Go to your Sporcle Settings to finish the process.